歴代外務大臣 - Statistics

General Stats
  • This quiz has been taken 31 times
  • The average score is 42 of 155
Answer Stats
年号 内閣 人物 % Correct
平成 第二次安倍内閣 岸田文雄
87%
平成 第三次安倍内閣 岸田文雄
87%
令和 第一次岸田内閣 岸田文雄
87%
平成 第三次小泉改造内閣 麻生太郎
73%
平成 第一次安倍内閣 麻生太郎
73%
令和 第四次安倍第二次改造内閣 茂木敏充
73%
令和 菅義偉内閣 茂木敏充
73%
令和 第一次岸田内閣 茂木敏充
73%
令和 高市内閣 茂木敏充
73%
昭和 東久邇宮内閣幣原内閣 第一次吉田内閣 吉田茂
70%
昭和 第二次吉田内閣 吉田茂
70%
昭和 第三次吉田内閣 吉田茂
70%
昭和 第一次近衛内閣 近衛文麿
67%
昭和 第二次佐藤第一次改造内閣 佐藤栄作
67%
令和 第一次石破内閣 岩屋毅
67%
令和 第二次石破内閣 岩屋毅
67%
昭和 第二次池田第二次改造内閣第二次池田第三次改造内閣 大平正芳
60%
昭和 第三次池田内閣 大平正芳
60%
昭和 第一次田中角栄内閣 大平正芳
60%
昭和 第二次田中角栄内閣 大平正芳
60%
令和 第二次岸田内閣 林芳正
60%
令和 第二次岸田第二次改造内閣 上川陽子
57%
明治 第一次伊藤内閣 伊藤博文
53%
明治 第一次伊藤内閣黒田内閣 大隈重信
53%
明治 第二次松方内閣 大隈重信
53%
明治 第一次大隈内閣 大隈重信
53%
大正 第二次大隈内閣 大隈重信
53%
昭和 石橋内閣 岸信介
53%
昭和 第一次岸内閣 岸信介
53%
昭和 第一次中曽根内閣 安倍晋太郎
50%
昭和 第二次中曽根内閣 安倍晋太郎
50%
平成 第一次小泉内閣 小泉純一郎
50%
平成 第三次安倍第三次改造内閣 河野太郎
50%
平成令和 第四次安倍内閣 河野太郎
50%
明治 第二次伊藤内閣第二次松方内閣 西園寺公望
47%
明治 第一次西園寺内閣 西園寺公望
47%
昭和 東條内閣 東條英機
47%
昭和 第一次佐藤第三次改造内閣 三木武夫
47%
昭和 第二次佐藤内閣 三木武夫
47%
昭和 第三次佐藤改造内閣 福田赳夫
47%
昭和 三木内閣 宮澤喜一
47%
昭和 鈴木貫太郎内閣 鈴木貫太郎
43%
平成 第二次橋本改造内閣 小渕恵三
43%
明治 第二次伊藤内閣 陸奥宗光
40%
明治 第一次桂内閣 小村壽太郎
40%
明治 第二次桂内閣 小村壽太郎
40%
大正 第三次桂内閣 桂太郎
40%
大正昭和 加藤内閣第一次若槻内閣 幣原喜重郎
40%
昭和 濱口内閣第二次若槻内閣 幣原喜重郎
40%
昭和 犬養内閣 犬養毅
40%
昭和 片山内閣 芦田均
40%
昭和 芦田内閣 芦田均
40%
平成 菅直人第二次改造内閣 枝野幸男
37%
明治 第四次伊藤内閣 加藤高明
33%
明治 第一次西園寺内閣 加藤高明
33%
明治 第二次桂内閣 寺内正毅
33%
大正 第三次桂内閣 加藤高明
33%
大正 第二次大隈内閣 加藤高明
33%
大正 寺内内閣 寺内正毅
33%
大正 第二次山本内閣 山本権兵衛
33%
昭和 齋藤内閣 斎藤実
33%
昭和 齋藤内閣岡田内閣 廣田内閣 広田弘毅
33%
昭和 第一次近衛内閣 広田弘毅
33%
昭和 片山内閣 片山哲
33%
昭和 石橋内閣 石橋湛山
33%
昭和平成 竹下内閣 宇野宗佑
33%
平成 細川内閣羽田内閣 羽田孜
33%
平成 鳩山由紀夫内閣 岡田克也
33%
平成 菅直人内閣 岡田克也
33%
平成 菅直人第一次改造内閣 前原誠司
33%
平成 野田内閣 玄葉光一郎
33%
昭和 林内閣 林銑十郎
30%
明治 なし 岩倉具視
27%
明治 なし第一次伊藤内閣 井上馨
27%
昭和 田中義一内閣 田中義一
23%
昭和 阿部内閣 阿部信行
23%
昭和 第二次近衛内閣 松岡洋右
23%
平成 村山内閣 河野洋平
20%
平成 小渕第二次改造内閣 河野洋平
20%
平成 第一次森内閣 河野洋平
20%
平成 第二次森内閣 河野洋平
20%
平成 第二次森改造内閣 河野洋平
20%
平成 第一次小泉内閣 田中眞紀子
20%
平成 第一次小泉内閣 川口順子
20%
平成 第二次小泉内閣 川口順子
20%
平成 麻生内閣 中曽根弘文
20%
平成 菅直人第二次改造内閣 松本剛明
20%
平成 小渕内閣 高村正彦
13%
平成 第二次小泉改造内閣 町村信孝
13%
平成 第三次小泉内閣 町村信孝
13%
平成 第一次安倍改造内閣 町村信孝
13%
平成 福田康夫内閣 高村正彦
13%
明治 なし 寺島宗則
10%
明治 第一次山縣内閣第一次松方内閣 青木周蔵
10%
明治 第二次山縣内閣 青木周蔵
10%
昭和 第一次近衛内閣 宇垣一成
10%
昭和 東條内閣小磯内閣 重光葵
10%
昭和 東久邇宮内閣 重光葵
10%
昭和 第一次鳩山内閣 重光葵
10%
昭和 第二次鳩山内閣 重光葵
10%
昭和 第三次鳩山内閣 重光葵
10%
昭和 東條内閣 東郷茂徳
7%
昭和 鈴木貫太郎内閣 東郷茂徳
7%
昭和 第一次岸改造内閣 藤山愛一郎
7%
昭和 第二次岸内閣 藤山愛一郎
7%
昭和 第三次池田改造内閣 椎名悦三郎
7%
昭和 第一次佐藤内閣 椎名悦三郎
7%
明治大正 第二次西園寺内閣 内田康哉
3%
大正 第一次山本内閣 牧野伸顕
3%
大正 原内閣高橋内閣 加藤友三郎内閣 内田康哉
3%
昭和 齋藤内閣 内田康哉
3%
昭和 第三次近衛内閣 豊田貞次郎
3%
昭和 福田赳夫内閣 鳩山威一郎
3%
昭和 福田赳夫改造内閣 園田直
3%
昭和 第一次大平内閣 園田直
3%
昭和 鈴木善幸内閣 伊東正義
3%
昭和 鈴木善幸内閣 園田直
3%
昭和 第三次中曽根内閣 倉成正
3%
平成 宇野内閣 三塚博
3%
平成 羽田内閣 柿沢弘治
3%
明治 なし 澤宣嘉
0%
明治 なし 副島種臣
0%
明治 第一次松方内閣 榎本武揚
0%
明治 第二次松方内閣第三次伊藤内閣 西徳二郎
0%
明治 第一次桂内閣 曾禰荒助
0%
明治 第一次西園寺内閣 林董
0%
大正 第二次大隈内閣 石井菊次郎
0%
大正 寺内内閣 本野一郎
0%
大正 寺内内閣 後藤新平
0%
大正 第二次山本内閣 伊集院彦吉
0%
大正 清浦内閣 松井慶四郎
0%
昭和 犬養内閣 芳澤謙吉
0%
昭和 廣田内閣 有田八郎
0%
昭和 林内閣 佐藤尚武
0%
昭和 第一次近衛内閣平沼内閣 有田八郎
0%
昭和 阿部内閣 野村吉三郎
0%
昭和 米内内閣 有田八郎
0%
昭和 東條内閣 谷正之
0%
昭和 第三次吉田内閣 岡崎勝男
0%
昭和 第四次吉田内閣 岡崎勝男
0%
昭和 第五次吉田内閣 岡崎勝男
0%
昭和 第一次池田内閣 小坂善太郎
0%
昭和 第二次池田内閣 小坂善太郎
0%
昭和 第二次佐藤第二次改造内閣 愛知揆一
0%
昭和 第三次佐藤内閣 愛知揆一
0%
昭和 第二次田中角栄第一次改造内閣 木村俊夫
0%
昭和 三木改造内閣 小坂善太郎
0%
昭和 第二次大平内閣 大木佐武郎
0%
昭和 鈴木善幸改造内閣 櫻内義雄
0%
平成 第一次海部内閣 中山太郎
0%
平成 第二次海部内閣 中山太郎
0%
平成 宮澤内閣 渡辺美智雄
0%
平成 宮澤改造内閣 武藤嘉文
0%
平成 第一次橋本内閣 池田行彦
0%
平成 第二次橋本内閣 池田行彦
0%
No matching quizzes found
Score Distribution
Percent of People with Each Score
Percentile by Number Answered
Your Score History
You have not taken this quiz